| 000 | 00431nam a2200157 i 4500 | ||
|---|---|---|---|
| 001 | 45454 | ||
| 003 | ES-MaACL | ||
| 005 | 20230906161224.0 | ||
| 007 | t| | ||
| 008 | 030326s1931 pr ||||1| spa d | ||
| 100 | 1 |
_aColl Cuchi, José. _939625 |
|
| 245 | 1 | 0 |
_aUnión de Repúblicas Ibéricas / _cJosé Coll Cuchi. |
| 260 |
_aSan Juan de Puerto Rico : _b[s.n.], _c1931. |
||
| 300 |
_a12 p. ; _c24 cm. |
||
| 852 |
_aES-MaACL _j1758-F-8 |
||
| 999 |
_c45454 _d45454 |
||